Tục ngữ lập trình

Các tục ngữ lập trình. Phương pháp lập trình trên xuống. Một vài mục bổ túc

में बचाया:
ग्रंथसूची विवरण
मुख्य लेखक: Ledgard H. F.
अन्य लेखक: Nguyễn Trọng Gia (Biên dịch)
स्वरूप: पुस्तक
भाषा:Vietnamese
प्रकाशित: TP. Hồ Chí Minh Công ty cổ phần tư vấn và dịch vụ KHKT 1992
विषय:
टैग : टैग जोड़ें
कोई टैग नहीं, इस रिकॉर्ड को टैग करने वाले पहले व्यक्ति बनें!
Thư viện lưu trữ: Mạng thư viện Đại học Đà Nẵng
LEADER 01237nam a2200349 4500
001 000012912
003 9236
005 20120305080329.0
008 120305s1992 viesd
020 |c 10000đ 
041 0 |a vie 
082 |a 005.1  |b LE-H 
100 0 |a Ledgard H. F. 
245 0 |a Tục ngữ lập trình  |c H.F. Ledgard (tg), Nguyễn Trọng Gia(Biên dịch) 
260 |a TP. Hồ Chí Minh  |b Công ty cổ phần tư vấn và dịch vụ KHKT  |c 1992 
300 |a 198 tr.  |c 21 cm 
520 |a Các tục ngữ lập trình. Phương pháp lập trình trên xuống. Một vài mục bổ túc 
653 |a Tục ngữ lập trình 
653 |a Phương pháp 
653 |a Tin học 
700 |a Nguyễn Trọng Gia  |e Biên dịch 
910 |a duyên 
OWN |a LSP 
AVA |a UDN50  |b LSP  |d 005.1 LE-H  |e available  |t Error 5001 Not defined in file expand_doc_bib_avail.  |f 1  |g 0  |h N  |i 0  |k 1 
999 |a From the UDN01 
AVA |a UDN50  |b LSP  |d 005.1 LE-H  |e available  |t Error 5001 Not defined in file expand_doc_bib_avail.  |f 1  |g 0  |h N  |i 0  |k 1 
TYP |a Monograph 
TYP |a Printed language 
980 |a Mạng thư viện Đại học Đà Nẵng